[Event "Zudov Memorial"]
[Site "Nizhnij Tagil"]
[Date "2023.07.30"]
[Round "10"]
[White "Kengurov, Yaroslav"]
[Black "Matveev, Vladimir1111"]
[Result "0-1"]
[WhiteElo "1743"]
[BlackElo "2308"]
[PlyCount "70"]
[EventDate "2023.07.29"]
[EventType "swiss (rapid)"]
[EventRounds "11"]
[EventCountry "RUS"]
[SourceTitle "CBM 215 Extra"]
[Source "ChessBase"]
[SourceDate "2023.09.30"]
[SourceVersion "1"]
[SourceVersionDate "2023.09.30"]
[SourceQuality "1"]

1. d4 Nf6 2. c4 g6 3. Nc3 Bg7 4. e4 0-0 5. Be2 d6 6. Bg5 Na6 7. Nf3 Qe8 8. 0-0 e5 9. d5 Nc5 10. Qc2 a5 11. Ne1 Bd7 12. Bf3 Nh5 13. Bxh5 gxh5 14. Nd3 Nxd3 15. Qxd3 f5 16. exf5 Bxf5 17. Qe3 Qg6 18. f3 Bd3 19. Rfd1 Bxc4 20. b3 Ba6 21. Ne4 Rf7 22. Rac1 Raf8 23. Kh1 b6 24. Rc2 Bb7 25. Qd2 Qxe4 26. Be7 Qxc2 27. Qxc2 Rxe7 28. a3 h4 29. h3 Rf4 30. Rd3 e4 31. fxe4 Rf1+ 32. Kh2 Be5+ 33. g3 hxg3+ 34. Rxg3+ Bxg3+ 35. Kxg3 Rg7+ 0-1

[Event "Chigorin Memorial 29th"]
[Site "St Petersburg"]
[Date "2022.10.30"]
[Round "9"]
[White "Kengurov, Yaroslav"]
[Black "Shevtsov, Demyan"]
[Result "1-0"]
[WhiteElo "1743"]
[BlackElo "1363"]
[PlyCount "123"]
[EventDate "2022.10.22"]
[EventType "swiss"]
[EventRounds "9"]
[EventCountry "RUS"]
[SourceTitle "EXT 2024"]
[Source "ChessBase"]
[SourceDate "2023.10.10"]
[SourceVersion "1"]
[SourceVersionDate "2023.10.10"]
[SourceQuality "1"]

1. d4 d5 2. c4 e6 3. g3 Nf6 4. Bg2 Bb4+ 5. Bd2 Be7 6. Qc2 0-0 7. Nf3 c6 8. 0-0 Nbd7 9. b3 b6 10. Bf4 Nh5 11. Bc1 Nhf6 12. Nbd2 Ba6 13. e4 dxe4 14. Nxe4 Nxe4 15. Qxe4 Rc8 16. Rd1 Bf6 17. Be3 Qe7 18. Rac1 c5 19. h4 cxd4 20. Bxd4 Nc5 21. Qb1 Bb7 22. Bxf6 Qxf6 23. Ng5 Qf5 24. Qxf5 exf5 25. Bxb7 Nxb7 26. Rd7 Nc5 27. Rxa7 h6 28. Nf3 Ra8 29. Rxa8 Rxa8 30. Rc2 f4 31. gxf4 Nd3 32. a4 Nxf4 33. c5 bxc5 34. Rxc5 Rb8 35. Rb5 Rxb5 36. axb5 Nd5 37. Nd4 Kf8 38. Kg2 g6 39. Nc6 Ke8 40. Kf3 f5 41. Ne5 g5 42. hxg5 hxg5 43. Nc4 Kd7 44. Ne3 Ne7 45. Ke2 f4 46. Nc4 Nd5 47. Kd3 Nc7 48. b6 Ne6 49. Ne5+ Kd6 50. Kc4 Nd8 51. Kd4 Ne6+ 52. Ke4 Ng7 53. Nf7+ Kc6 54. Nxg5 Kxb6 55. Kxf4 Kb5 56. Ne4 Kb4 57. Nd2 Ne6+ 58. Ke5 Nc5 59. f4 Nd3+ 60. Ke4 Kc3 61. Ke3 Nc5 62. Ne4+ 1-0

[Event "Chigorin Memorial 29th"]
[Site "St Petersburg"]
[Date "2022.10.28"]
[Round "7"]
[White "Kengurov, Yaroslav"]
[Black "Krasnov, Ilia A"]
[Result "1/2-1/2"]
[WhiteElo "1743"]
[BlackElo "1492"]
[PlyCount "172"]
[EventDate "2022.10.22"]
[EventType "swiss"]
[EventRounds "9"]
[EventCountry "RUS"]
[SourceTitle "EXT 2024"]
[Source "ChessBase"]
[SourceDate "2023.10.10"]
[SourceVersion "1"]
[SourceVersionDate "2023.10.10"]
[SourceQuality "1"]

1. d4 d5 2. c4 c6 3. Nf3 Nf6 4. Nc3 e6 5. e3 Nbd7 6. Qc2 Bd6 7. b3 0-0 8. Bd3 e5 9. dxe5 Nxe5 10. Nxe5 Bxe5 11. Bb2 Be6 12. 0-0-0 Qb6 13. Na4 Bxb2+ 14. Qxb2 Qa5 15. Qc3 Qxc3+ 16. Nxc3 dxc4 17. Bxc4 Bxc4 18. bxc4 Rfd8 19. f3 Kf8 20. Kc2 Ke7 21. Rd4 Rd7 22. Rhd1 Rad8 23. g4 h6 24. Ne2 c5 25. Rxd7+ Rxd7 26. Rb1 Kd6 27. Ng3 g6 28. h4 Kc6 29. Ne2 Re7 30. Rb3 Nd7 31. Rc3 Ne5 32. e4 Rd7 33. g5 hxg5 34. hxg5 a6 35. f4 Ng4 36. Rd3 Rxd3 37. Kxd3 Nf2+ 38. Ke3 Nd1+ 39. Kd2 Nb2 40. Kc3 Na4+ 41. Kb3 b5 42. f5 Kd6 43. fxg6 fxg6 44. Nf4 Ke5 45. Nxg6+ Kxe4 46. Ne7 Ke5 47. Nc6+ Kf5 48. Nb8 Nb6 49. Nxa6 bxc4+ 50. Kc3 Kxg5 51. Nxc5 Kf6 52. Kb4 Ke7 53. Kb5 Nd5 54. Kxc4 Nc7 55. Nb7 Kd7 56. Kc5 Kc8 57. Na5 Kb8 58. Nc6+ Kb7 59. Nd4 Na6+ 60. Kb5 Nc7+ 61. Ka5 Nd5 62. Nb5 Nb6 63. Nd6+ Ka7 64. a3 Nd5 65. Nc4 Nc3 66. Kb4 Nd5+ 67. Kb3 Nb6 68. Ne3 Ka6 69. Kb4 Nd7 70. a4 Nb8 71. Nc4 Nc6+ 72. Ka3 Na5 73. Ne5 Nb7 74. Kb4 Nd8 75. Nd3 Nc6+ 76. Ka3 Ka5 77. Nb2 Nd4 78. Nc4+ Ka6 79. Kb4 Nc6+ 80. Kc5 Na5 81. Nd2 Nb7+ 82. Kb4 Nd8 83. Nb3 Nc6+ 84. Kc4 Na5+ 85. Nxa5 Kxa5 86. Kd5 Kxa4 1/2-1/2

[Event "EU-ch Hybrid U10"]
[Site "Tornelo INT"]
[Date "2021.10.15"]
[Round "5"]
[White "Ivanov, Andrey A2222"]
[Black "Kengurov, Yaroslav"]
[Result "0-1"]
[WhiteElo "1758"]
[BlackElo "1484"]
[PlyCount "62"]
[EventDate "2021.10.15"]
[EventType "swiss"]
[EventRounds "9"]
[EventCountry "NET"]
[SourceTitle "EXT 2023"]
[Source "ChessBase"]
[SourceDate "2022.10.05"]
[SourceVersion "1"]
[SourceVersionDate "2022.10.05"]
[SourceQuality "1"]
[WhiteTeam "Irland"]
[BlackTeam "Russia"]
[WhiteTeamCountry "IRL"]
[BlackTeamCountry "RUS"]

1. e4 c5 2. Nf3 Nc6 3. d4 cxd4 4. Nxd4 Nf6 5. Nc3 e5 6. Ndb5 d6 7. Bg5 a6 8. Na3 b5 9. Nd5 Be7 10. Bxf6 Bxf6 11. c3 0-0 12. Nc2 Bg5 13. Be2 Be6 14. Ncb4 Nxb4 15. Nxb4 Qd7 16. 0-0 a5 17. Nd5 Qb7 18. Qc2 f5 19. Rad1 f4 20. f3 Kh8 21. Kh1 Bh4 22. Qd3 Rab8 23. Rd2 g5 24. Bd1 Rg8 25. Nf6 Rg6 26. Ng4 Bc4 27. Qc2 Bxf1 28. b3 Qb6 29. h3 Bg3 30. Nh2 Bxh2 31. Kxh2 Qe3 0-1